Quizzes
Events
Quiz Creation
Community
Videos
Private Events
Remove Ads
Sign In
Join for FREE
Feedback
Dark Mode
Quiz Categories
Sports
Geography
Music
Movies
Television
Just For Fun
Miscellaneous
History
Literature
Language
Science
Gaming
Entertainment
Religion
Holiday
For Kids
Quiz Lab
Recent
Popular Today
Quiz Kudos Today
Editor Picks
Curator Picks
Quizzes by...
Day
Popularity
Type
Ratings
Length
Year
Community
Subscriptions
Recent Discussions
Orange Saloon
Badges
Playlists
Quests
Create
Leaderboards
Showdown
Live 5
Trivia Bingo
Activity
Puzzle Library
Sporcle Events
Private Events
Virtual Trivia
Globe League
Become a Host
Pub Owners
SporcleCon
Opinionation
Our Games
Videos
Blog
Mobile Apps
Partnerships
Remove Ads and Go Orange
Feedback
Sports
Athletes
MLB
NBA
NHL
NFL
Soccer
Sports Teams
WWE
NCAA
Football
Premier League
Basketball
Baseball
Hockey
Golf
Tennis
Cricket
Rugby
Auto Racing
Olympics
World Cup
Sports
Athletes
MLB
NBA
NHL
NFL
Soccer
Sports Teams
WWE
NCAA
Football
Premier League
Basketball
Baseball
Hockey
Golf
Tennis
Cricket
Rugby
Auto Racing
Olympics
World Cup
Random Quiz
Search Sporcle
×
Quiz Lab
Quiz Lab
Sports
Clickable
Select answers by clicking on text or image buttons
Select answers by clicking on text or image buttons
Clickable
Best Score? Go Orange.
NBA PLAYERS CAREER HIGH POINTS Stats
Can you pick the NBA PLAYERS CAREER HIGH POINTS?
By
teddygrahams
20m
75 Questions
265 Plays
265 Plays
265 Plays
Comments
Comments
Give Quiz Kudos
Give Quiz Kudos
-
- Ratings
hide this ad
More Info
Forced Order
Answers have to be entered in order
Answers have to be entered in order
Random Order
Randomize order of answers
Randomize order of answers
Replay
Link that replays current quiz
Next Quiz
Link to next quiz in quiz playlist
You Got
0%
They Got
Avg Score
18%
Avg Friend Score
Upgrade to see
Score Distribution
Jump to the score distribution portion of the page
Score
0/75
Timer
20:00
0
Plays Today
% Correct
100
96.2%
81
88.7%
70
79.2%
69
53.6%
61
34.3%
61
32.5%
61
29.8%
62
29.1%
60
28.3%
60
27.9%
60
27.2%
73
26.8%
54
26%
54
26%
62
25.7%
60
24.2%
57
21.9%
20
21.5%
71
21.5%
58
20.4%
55
19.6%
71
18.9%
0
18.5%
29
17.7%
53
17.4%
55
16.6%
31
15.8%
47
15.5%
47
15.5%
28
15.1%
51
15.1%
55
14.7%
47
14%
51
14%
68
14%
47
13.2%
53
13.2%
51
13.2%
% Correct
48
13.2%
52
12.8%
51
12.8%
52
12.5%
47
12.5%
34
12.5%
53
12.5%
50
12.1%
47
12.1%
52
11.7%
41
11.3%
53
11.3%
39
11.3%
59
10.9%
41
10.6%
59
10.6%
23
10.2%
50
10.2%
39
10.2%
37
9.8%
46
9.8%
34
9.4%
41
9.4%
48
9.4%
63
9.1%
39
9.1%
53
9.1%
30
9.1%
44
8.3%
40
8.3%
42
7.9%
56
7.5%
45
7.2%
43
7.2%
43
6.8%
42
5.3%
42
4.9%
Quiz Playlist
Details
Report
Send in Message
Add To Playlist
More Info:
MADE FOR KOT4Q (THE GOAT) AND MIKEY KLONDIKE (THE GOAT) ALSO FOLLOW @SBC_NBA ON INSTAGRAM
Clickable:
Select answers by clicking on text or image buttons
Forced Order:
Answers have to be entered in order
Random Order:
Randomize order of answers
Last Updated: Jun 11, 2017
Quiz Scoreboard
CHALLENGE
Sign Up to Join the Scoreboard
Show All
Scores
Hide
Comments
May contain spoilers
Recently Published
An Introduction to Baseball
by treessimontrees
Sports
5m
Movies - When Are They Set?
by FPL_Elf
Movies
5m
Popular People in 1961
by mucciniale
History
6m
More to Explore
Quiz From the Vault
Featured Blog Post
Where Did the Easter Bunny Come From?
hide this ad
You Might Also Like...
Tags
Clickable Quiz
NBA Quiz
Career
Player
point
Today's Top Quizzes in Sports
Browse Sports
hide this ad
Today's Top Quizzes in Clickable
Browse Clickable
Top Contributed Quizzes in Sports
1
Les meilleurs buteurs des matchs entre le PSG et l’OM
2
2022 World Cup Stars
3
FIFA Club World Cup Champions
4
Les entraîneurs de l'OM et du PSG au 21e siècle
5
Name the Premier League winners with different clubs
6
La finale Lions - Afrique du Sud 2021
7
Les joueurs passés par le LOSC et le RC Lens
8
Criteria MLB: Left Handed Sluggers
9
Players with Multiple 50 Home Run Seasons
10
5-to-1: UK Sports Teams
Explore More
Trending Topics
Harry Potter
Disney
Kpop
Marvel
NBA
Anime
Crossword
Song
WWE
NFL
Soccer
The Office
Pokémon
Country
Puzzle
hide this ad
More By:
teddygrahams
Quiz
Plays
Rating
Category
Featured
Created
NBA PLAYERS CAREER HIGH POINTS
265
1.00
Sports
Jun 10, 2017
NBA Rookie 1st teams in the past decade for KOT4Q
207
1.67
Sports
Mar 6, 2019
NBA Chain Quiz
120
1.00
Sports
Jun 14, 2017
NBA 2nd round picks from each team
11
1.00
Sports
Oct 6, 2016
Go to Creator's Profile
Score Distribution
Quiz Creator Spotlight
teddygrahams
Follow
Send a Message
Quizzes Created
-
Created Quiz Play Count
-
More By This Creator
Popular Quizzes Today
1
Find the Countries of Europe - No Outlines Minefield
2
Find the US States - No Outlines Minefield
3
The Countries of the World
4
Popular People in 1961
5
US States
6
Find the US States
7
1-10 Letter E Words III
8
Risky Map Clicking: Biggest States A-Z
More Sports Quizzes
MLB: Top 'D' Players by Top Season
Quiz Lab
Trending Quizzes
Risky Map Clicking: Least Populous States A-Z
1-10 Letter F Words
1-10 Letter G Words
One Thing in Common: United Kingdom
Not Quite an Element Typing Challenge
Recently Updated
Leaping Animals
pecheneg
Reality TV Shows (A-Z)
bhenderson79
Rickey Henderson's Hall of Fame Teammates
pecheneg
Champions League XIs: Arsenal
pecheneg
Quick Pick: Celebrities in WWE's Hall of Fame
aduchscher
A-Z Keypad Blitz II
pecheneg
Multiple Oscar Actors
pecheneg
Mystery Phrase Blitz: Oscar 'Best Actors'
pecheneg
F. Scott Fitzgerald Novels
LTH
Pick 3 Villains
ddd62291
Trending Topics
Harry Potter
Anime
Kpop
Disney
NBA
Marvel
Crossword
Puzzle
NFL
Country
WWE
Soccer
Pokémon
The Office
Song
Your Account Isn't Verified!
In order to create a playlist on Sporcle, you need to verify the email address you used during registration. Go to your
Sporcle Settings
to finish the process.
Report this User
Report this user for behavior that violates our
Community Guidelines
.
Details:
Send Report
Go to the Sporcle.com Mobile Site →
Comments